[Event "Gujarat op 1st"]
[Site "Ahmedabad"]
[Date "2018.10.07"]
[Round "3"]
[White "Rahman, Ziaur"]
[Black "Suvradeepta, Das"]
[Result "1-0"]
[WhiteElo "2473"]
[BlackElo "2005"]
[PlyCount "114"]
[EventDate "2018.10.05"]
[EventType "swiss"]
[EventRounds "10"]
[EventCountry "IND"]
[SourceTitle "CBM 186 Extra"]
[Source "ChessBase"]
[SourceDate "2018.08.24"]
[SourceVersion "1"]
[SourceVersionDate "2018.08.24"]
[SourceQuality "1"]

1. d4 Nf6 2. c4 g6 3. Nc3 Bg7 4. e4 d6 5. f3 0-0 6. Be3 Nfd7 7. Nge2 c5 8. Qd2 Nc6 9. g4 cxd4 10. Nxd4 Nde5 11. Be2 Nxd4 12. Bxd4 Be6 13. Nd5 Rc8 14. b3 Bxd5 15. exd5 e6 16. 0-0 exd5 17. cxd5 Nd7 18. Bxg7 Kxg7 19. Qd4+ Qf6 20. Qxf6+ Kxf6 21. Rac1 Nb6 22. Bc4 Nxc4 23. bxc4 Rc5 24. Rb1 b6 25. Rb4 Ra5 26. Rf2 Re8 27. Rc2 Ra3 28. Rb3 Ra4 29. Kf2 Rc8 30. Rbc3 Rc5 31. a3 Rc8 32. h3 Ra5 33. Ke3 Re8+ 34. Kf2 Kg5 35. Re2 Rxe2+ 36. Kxe2 Rc5 37. Ke3 Kh4 38. f4 Rc8 39. a4 Re8+ 40. Kf3 Re1 41. a5 Rh1 42. Kg2 Rb1 43. axb6 Rb2+ 44. Kf3 axb6 45. Ke4 Re2+ 46. Kd4 Rf2 47. Ke4 Rb2 48. Kd4 f5 49. gxf5 gxf5 50. Re3 Rf2 51. Re6 Rxf4+ 52. Kd3 Rf3+ 53. Kd4 Rf4+ 54. Kd3 Rf3+ 55. Kd4 Rf4+ 56. Kc3 Rf3+ 57. Kd4 b5 1-0

[Event "Gujarat op 1st"]
[Site "Ahmedabad"]
[Date "2018.10.06"]
[Round "2"]
[White "Suvradeepta, Das"]
[Black "Deshmukh, Anup"]
[Result "0-1"]
[WhiteElo "2005"]
[BlackElo "2267"]
[PlyCount "54"]
[EventDate "2018.10.05"]
[EventType "swiss"]
[EventRounds "10"]
[EventCountry "IND"]
[SourceTitle "CBM 186 Extra"]
[Source "ChessBase"]
[SourceDate "2018.08.24"]
[SourceVersion "1"]
[SourceVersionDate "2018.08.24"]
[SourceQuality "1"]

1. c4 Nf6 2. Nc3 e6 3. e4 e5 4. Nf3 Nc6 5. Be2 d6 6. 0-0 Nd4 7. Nxd4 exd4 8. Nd5 Nxe4 9. Re1 c6 10. Bf3 cxd5 11. cxd5 Be7 12. Bxe4 0-0 13. d3 f5 14. Bf3 Bf6 15. Bd2 Bd7 16. Qb3 Be5 17. Rac1 Rb8 18. Qa3 a6 19. Bb4 Qf6 20. Rc7 Rf7 21. Ba5 g5 22. Bb6 g4 23. Bd1 Re8 24. Rf1 Bxh2+ 25. Kxh2 Qh4+ 26. Kg1 Rf6 27. Bxg4 fxg4 0-1

[Event "Penang op-A 9th"]
[Site "Penang"]
[Date "2017.12.06"]
[Round "4"]
[White "Suvradeepta, Das"]
[Black "Aditya, Mittal"]
[Result "1-0"]
[WhiteElo "1980"]
[BlackElo "2288"]
[PlyCount "171"]
[EventDate "2017.12.04"]
[EventType "swiss"]
[EventRounds "9"]
[EventCountry "MAS"]
[SourceTitle "CBM 182 Extra"]
[Source "ChessBase"]
[SourceDate "2018.02.23"]
[SourceVersion "1"]
[SourceVersionDate "2018.02.23"]
[SourceQuality "1"]

1. d4 d5 2. Bf4 Nf6 3. e3 Bg4 4. Be2 Bxe2 5. Qxe2 e6 6. Qb5+ Nbd7 7. Qxb7 Rb8 8. Qxa7 Rxb2 9. Qxc7 Qxc7 10. Bxc7 Rxc2 11. Ba5 Bd6 12. Nd2 Ke7 13. Ngf3 Ra8 14. Nb3 Rc4 15. Nfd2 Ra4 16. Bc3 Rc8 17. Rc1 Rxa2 18. 0-0 Ba3 19. Bb2 Rb8 20. Bxa3+ Rxa3 21. Rb1 Ra2 22. Ra1 Rxa1 23. Rxa1 Ne4 24. g3 Nxd2 25. Nxd2 Rb7 26. Kg2 Nf6 27. Ra2 Ne8 28. h4 Nd6 29. Kf3 f6 30. Kf4 Nf7 31. Nf3 e5+ 32. Kg4 e4 33. Ng1 Nh6+ 34. Kf4 Rc7 35. Ne2 Kf7 36. g4 Ng8 37. Ng3 Ne7 38. Nf5 Ng6+ 39. Kg3 h5 40. gxh5 Nf8 41. Ra6 Rd7 42. h6 g6 43. Nd6+ Ke7 44. Nc8+ Kf7 45. Nb6 Rd6 46. Ra7+ Kg8 47. Nc8 Rd7 48. Rxd7 Nxd7 49. Ne7+ Kh7 50. Nxd5 Kxh6 51. Nc3 f5 52. Nd5 Kh5 53. Ne7 Kh6 54. Kf4 Kh5 55. d5 Kh6 56. d6 Kh5 57. Nc6 Kxh4 58. Ne5 Nf8 59. Nxg6+ Nxg6+ 60. Kxf5 Nf8 61. Kxe4 Kg5 62. Ke5 Kg6 63. e4 Kf7 64. Kd5 Ne6 65. Ke5 Nf8 66. f4 Ng6+ 67. Kf5 Nh4+ 68. Kg5 Ng2 69. f5 Ne3 70. Kf4 Ng2+ 71. Ke5 Ne3 72. Kd4 Nc2+ 73. Kc5 Ke8 74. Kc6 Nd4+ 75. Kd5 Ne2 76. e5 Ng3 77. f6 Nh5 78. Ke6 Nf4+ 79. Kf5 Nd5 80. e6 Ne7+ 81. Ke4 Nc6 82. f7+ Kf8 83. Kd5 Nb4+ 84. Kc5 Nd3+ 85. Kc6 Nf4 86. Kd7 1-0

[Event "Penang op-A 9th"]
[Site "Penang"]
[Date "2017.12.04"]
[Round "1"]
[White "Pascua, Haridas"]
[Black "Suvradeepta, Das"]
[Result "1-0"]
[WhiteElo "2424"]
[BlackElo "1980"]
[PlyCount "57"]
[EventDate "2017.12.04"]
[EventType "swiss"]
[EventRounds "9"]
[EventCountry "MAS"]
[SourceTitle "CBM 182 Extra"]
[Source "ChessBase"]
[SourceDate "2018.02.23"]
[SourceVersion "1"]
[SourceVersionDate "2018.02.23"]
[SourceQuality "1"]

1. d4 e6 2. c4 Nf6 3. Nf3 Bb4+ 4. Nbd2 d5 5. a3 Bd6 6. Qc2 0-0 7. e4 dxe4 8. Nxe4 Be7 9. Nxf6+ Bxf6 10. Be3 Nd7 11. Bd3 g6 12. 0-0-0 Qe7 13. Rhe1 Re8 14. h4 c5 15. d5 exd5 16. Bf4 Qf8 17. Bd6 Be7 18. Bxe7 Rxe7 19. Rxe7 Qxe7 20. cxd5 Ne5 21. d6 Qxd6 22. Bb5 Qc7 23. Nxe5 Qxe5 24. Rd8+ Kg7 25. Qc3 Qxc3+ 26. bxc3 h5 27. Bd7 Bxd7 28. Rxa8 a6 29. Kc2 1-0

[Event "IND-ch U19"]
[Site "Kankarbagh"]
[Date "2017.09.05"]
[Round "4"]
[White "Suvradeepta, Das"]
[Black "Kumar, Gaurav"]
[Result "0-1"]
[WhiteElo "2077"]
[BlackElo "2309"]
[PlyCount "56"]
[EventDate "2017.09.03"]
[EventType "swiss"]
[EventRounds "11"]
[EventCountry "IND"]
[SourceTitle "CBM 180 Extra"]
[Source "ChessBase"]
[SourceDate "2017.10.06"]
[SourceVersion "1"]
[SourceVersionDate "2017.10.06"]
[SourceQuality "1"]

1. c4 e5 2. Nc3 Bb4 3. Nd5 Bc5 4. g3 c6 5. Nc3 d5 6. cxd5 cxd5 7. Bg2 Ne7 8. Qb3 e4 9. d3 exd3 10. Nxd5 Nxd5 11. Bxd5 Bb4+ 12. Kf1 dxe2+ 13. Nxe2 0-0 14. Kg2 Na6 15. Rd1 Qe7 16. a3 Bc5 17. Qf3 Nc7 18. Be4 f5 19. Bc2 Bd7 20. Qxb7 Qxe2 21. Rd2 Qe8 22. Qxc7 Bc6+ 23. f3 Rc8 24. Qa5 Qe3 25. Bd1 Qg1+ 26. Kh3 Qf1+ 27. Rg2 Qxd1 28. Qxc5 Qxf3 0-1

[Event "Dhaka Powertec op-A"]
[Site "Dhaka"]
[Date "2017.07.22"]
[Round "8"]
[White "Suvradeepta, Das"]
[Black "S, M Sharon"]
[Result "0-1"]
[WhiteElo "2022"]
[BlackElo "2146"]
[PlyCount "136"]
[EventDate "2017.07.15"]
[EventType "swiss"]
[EventRounds "9"]
[EventCountry "BAN"]
[SourceTitle "EXT 2018"]
[Source "ChessBase"]
[SourceDate "2017.10.13"]
[SourceVersion "1"]
[SourceVersionDate "2017.10.13"]
[SourceQuality "1"]

1. c4 Nf6 2. Nc3 g6 3. e4 d6 4. d4 Bg7 5. h3 0-0 6. Nf3 e5 7. d5 Nbd7 8. Bd3 Nh5 9. Ne2 Nc5 10. Bc2 f5 11. Bg5 Qe8 12. exf5 Bxf5 13. Bxf5 Rxf5 14. Be3 e4 15. Nfd4 Nd3+ 16. Kd2 Rxf2 17. Bxf2 Nxf2 18. Qb3 Bh6+ 19. Kc2 e3 20. Rhg1 Qe4+ 21. Kc3 c5 22. dxc6 bxc6 23. c5+ Kh8 24. Qc4 dxc5 25. Ne6 Qe5+ 26. Kc2 Qf5+ 27. Kb3 Rb8+ 28. Ka3 Nd3 29. g4 Nxb2 30. Qc3+ Qf6 31. Rab1 Qxc3+ 32. Nxc3 Nc4+ 33. Ka4 Nb6+ 34. Ka5 Nf4 35. Nxf4 Bxf4 36. Ka6 Nd5 37. Rxb8+ Bxb8 38. Ne2 Nf4 39. Nxf4 Bxf4 40. Kxa7 c4 41. Rg2 c3 42. Re2 Kg7 43. a4 Kf6 44. a5 Ke5 45. a6 Ke4 46. Kb7 Kd3 47. Ra2 c2 48. a7 c1Q 49. a8Q Qb1+ 50. Kc8 Qb8+ 51. Qxb8 Bxb8 52. Kxb8 e2 53. Ra3+ Kd2 54. Ra2+ Ke3 55. Ra3+ Kf2 56. Ra2 Kf1 57. Kc7 e1Q 58. Kxc6 Qe6+ 59. Kc5 Qxa2 60. h4 Ke2 61. h5 Kf3 62. hxg6 hxg6 63. g5 Ke4 64. Kb4 Qc2 65. Ka3 Qb1 66. Ka4 Kd4 67. Ka3 Kc4 68. Ka4 Qa2# 0-1

[Event "Dhaka Powertec op-A"]
[Site "Dhaka"]
[Date "2017.07.18"]
[Round "4"]
[White "Uddin, Saif"]
[Black "Suvradeepta, Das"]
[Result "1/2-1/2"]
[WhiteElo "2075"]
[BlackElo "2022"]
[PlyCount "75"]
[EventDate "2017.07.15"]
[EventType "swiss"]
[EventRounds "9"]
[EventCountry "BAN"]
[SourceTitle "EXT 2018"]
[Source "ChessBase"]
[SourceDate "2017.10.13"]
[SourceVersion "1"]
[SourceVersionDate "2017.10.13"]
[SourceQuality "1"]

1. Nf3 e6 2. g3 f5 3. Bg2 Nf6 4. d3 Be7 5. Nc3 0-0 6. 0-0 d5 7. e4 d4 8. Ne2 c5 9. exf5 exf5 10. Bg5 Nc6 11. Qd2 h6 12. Bxf6 Bxf6 13. Rae1 g5 14. h4 Kg7 15. hxg5 hxg5 16. a3 a5 17. c3 Bd7 18. cxd4 cxd4 19. b4 axb4 20. axb4 Be8 21. b5 Na7 22. Nexd4 Bxd4 23. Nxd4 Qxd4 24. Qxg5+ Bg6 25. Re7+ Rf7 26. Rxf7+ Kxf7 27. Re1 Nc8 28. Bxb7 Ra1 29. Rxa1 Qxa1+ 30. Kg2 Ne7 31. Qf4 Bh5 32. b6 Be2 33. Be4 Bf1+ 34. Kh2 Qh8+ 35. Kg1 Qa1 36. Kh2 Qh8+ 37. Kg1 Qa1 38. Kh2 1/2-1/2